<?xml version="1.0" encoding="UTF-8"?><?xml-stylesheet type="text/xsl" href="static/style.xsl"?><OAI-PMH xmlns="http://www.openarchives.org/OAI/2.0/" xmlns:xsi="http://www.w3.org/2001/XMLSchema-instance" xsi:schemaLocation="http://www.openarchives.org/OAI/2.0/ http://www.openarchives.org/OAI/2.0/OAI-PMH.xsd"><responseDate>2026-04-29T12:23:40Z</responseDate><request verb="GetRecord" identifier="oai:repisalud.isciii.es:20.500.12105/10347" metadataPrefix="marc">https://repisalud.isciii.es/rest/oai/request</request><GetRecord><record><header><identifier>oai:repisalud.isciii.es:20.500.12105/10347</identifier><datestamp>2025-06-12T06:45:20Z</datestamp><setSpec>com_20.500.12105_2203</setSpec><setSpec>com_20.500.12105_2202</setSpec><setSpec>col_20.500.12105_19505</setSpec><setSpec>col_20.500.12105_19585</setSpec></header><metadata><record xmlns="http://www.loc.gov/MARC21/slim" xmlns:dcterms="http://purl.org/dc/terms/" xmlns:doc="http://www.lyncode.com/xoai" xmlns:xsi="http://www.w3.org/2001/XMLSchema-instance" xsi:schemaLocation="http://www.loc.gov/MARC21/slim http://www.loc.gov/standards/marcxml/schema/MARC21slim.xsd">
   <leader>00925njm 22002777a 4500</leader>
   <datafield ind2=" " ind1=" " tag="042">
      <subfield code="a">dc</subfield>
   </datafield>
   <datafield ind2=" " ind1=" " tag="720">
      <subfield code="a">Instituto de Salud Carlos III. Centro Nacional de Epidemiología</subfield>
      <subfield code="e">author</subfield>
   </datafield>
   <datafield ind2=" " ind1=" " tag="260">
      <subfield code="c">2011-03-05</subfield>
   </datafield>
   <datafield ind2=" " ind1=" " tag="520">
      <subfield code="a">La actividad gripal en España se sitúa por primera vez por debajo del valor umbral, después de la onda epidémica de la temporada 2010-2011 que ha tenido una duración de diez semanas, en el rango de temporadas estacionales previas. En la semana 09/2011 se ha registrado una incidencia de gripe de 53,38 por 100.000 habitantes.   El descenso de la actividad gripal se manifiesta en una disminución significativa en las tasas de incidencia en todos los grupos menores de 65 años.  En la semana 09/2011, aumenta el predominio de la circulación de virus de la gripe B  (82%) sobre el virus tipo A (18%), siendo AnH1N11 el 91% de los subtipados. La tasa de detección viral disminuye a 35%, desde que en la semana 01/2011 se alcanzara un máximo de  68%.  
 Desde el inicio de la temporada 2010-2011 se han notificado 1305 casos graves hospitalizados confirmados de gripe en dieciséis CCAA. El 86,8% correspondieron a infecciones por el virus de la gripe AnH1N1, 7,9% A no subtipado, 0,4% AH3N2 y 4,9% B. Un 15% de los casos en menores de 5 años, 4% en el de 5-14 años, 27% en el 15-44, 37% en el 45-64 y un 17%  en 
los mayores de 65 años. El 25% no presentaban ningún factor de riesgo. El 78% de los casos incluidos en los grupos recomendados de vacunación antigripal no habían recibido la vacuna de esta temporada. Ciento treinta y nueve casos han fallecido en dieciséis CCAA; el 87% de los mismos presentaban factores de riesgo. El 82% de los casos fallecidos, dentro de los 
grupos recomendados de vacunación, no habían recibido la vacuna antigripal de esta temporada.</subfield>
   </datafield>
   <datafield ind1="8" ind2=" " tag="024">
      <subfield code="a">http://hdl.handle.net/20.500.12105/10347</subfield>
   </datafield>
   <datafield tag="653" ind2=" " ind1=" ">
      <subfield code="a">Gripe</subfield>
   </datafield>
   <datafield tag="653" ind2=" " ind1=" ">
      <subfield code="a">Vigilancia Epidemiológica</subfield>
   </datafield>
   <datafield ind2="0" ind1="0" tag="245">
      <subfield code="a">Finaliza la onda epidémica gripal de la temporada 2010-2011 en España. Vigilancia de la gripe en España. Temporada 2010-2011.  Semana 09/2011 (del 27 de febrero al 05 de marzo de 2011)</subfield>
   </datafield>
</record></metadata></record></GetRecord></OAI-PMH>